000 00214nam a2200097Ia 4500
008 190216s9999||||xx |||||||||||||| ||und||
100 _aBernard Shaw
245 0 _aCeaser And Cleopatra
260 _bNull
942 _cBK
999 _c12637
_d12637